000 00316nam a22001457a 4500
008 221110b ||||| |||| 00| 0 eng d
020 _a2900073355893
041 _aeng
080 _a618
082 _a618 PAT
100 _a15.2
101 _aGINE
245 _aINFANCY CHILDHOOD
_cPATTERSON CH
942 _2udc
_cBK
999 _c58837
_d58837